[Event "BLR-ch U18 Girls"]
[Site "Rogachev"]
[Date "2024.02.08"]
[Round "6"]
[White "Skibar, Alesya"]
[Black "Norman, Kseniya"]
[Result "0-1"]
[WhiteElo "1800"]
[BlackElo "2011"]
[PlyCount "70"]
[EventDate "2024.02.03"]
[EventType "swiss"]
[EventRounds "9"]
[EventCountry "BLR"]
[SourceTitle "EXT 2025"]
[Source "ChessBase"]
[SourceDate "2024.10.14"]
[SourceVersion "1"]
[SourceVersionDate "2024.10.14"]
[SourceQuality "1"]

1. d4 Nf6 2. c4 g6 3. Nc3 Bg7 4. Bf4 0-0 5. e3 d6 6. Bd3 Nbd7 7. Nf3 Re8 8. e4 e5 9. dxe5 Nxe5 10. Nxe5 dxe5 11. Bg5 h6 12. Bh4 c6 13. 0-0 Be6 14. b3 Qa5 15. Rc1 Rad8 16. Qf3 g5 17. Bg3 Bg4 18. Qe3 Bf8 19. Na4 Bb4 20. Rc2 b5 21. cxb5 cxb5 22. Nc5 Qb6 23. f3 Nd7 24. Bf2 Bxc5 25. Rxc5 Nxc5 26. Qxc5 Qxc5 27. Bxc5 Rxd3 28. fxg4 Rc8 29. Bxa7 Ra8 30. Bc5 Rxa2 31. Kh1 Rxb3 32. Bd6 Rab2 33. Bxe5 Rb1 34. Kg1 Rxf1+ 35. Kxf1 Re3 0-1

[Event "BLR-ch U18 Girls"]
[Site "Rogachev"]
[Date "2024.02.05"]
[Round "3"]
[White "Kotava, Iryna"]
[Black "Skibar, Alesya"]
[Result "1-0"]
[WhiteElo "1156"]
[BlackElo "1800"]
[PlyCount "67"]
[EventDate "2024.02.03"]
[EventType "swiss"]
[EventRounds "9"]
[EventCountry "BLR"]
[SourceTitle "EXT 2025"]
[Source "ChessBase"]
[SourceDate "2024.10.14"]
[SourceVersion "1"]
[SourceVersionDate "2024.10.14"]
[SourceQuality "1"]

1. Nf3 d5 2. g3 c5 3. d3 Nc6 4. Bg2 Bf5 5. 0-0 Nf6 6. Nbd2 e6 7. Nh4 Ne7 8. Nxf5 Nxf5 9. e4 Nd4 10. c3 Nc6 11. exd5 exd5 12. Re1+ Be7 13. Nf3 0-0 14. Ne5 Nxe5 15. Rxe5 Bd6 16. Re1 Qd7 17. Qb3 Be7 18. Bg5 Rad8 19. Re5 Qc7 20. Rae1 Rd7 21. Bh3 c4 22. Qc2 cxd3 23. Qxd3 Ne4 24. Rxe7 Rxe7 25. Bxe7 Qxe7 26. Qxd5 Nxc3 27. Rxe7 Nxd5 28. Rxb7 g6 29. Rxa7 Re8 30. Bf1 Re1 31. Kg2 Rb1 32. Bc4 Nb4 33. Rxf7 Kh8 34. Rb7 1-0

[Event "BLR-ch U18 Girls"]
[Site "Rogachev"]
[Date "2024.02.04"]
[Round "2"]
[White "Skibar, Alesya"]
[Black "Cheshko, Darya"]
[Result "0-1"]
[WhiteElo "1800"]
[BlackElo "1423"]
[PlyCount "98"]
[EventDate "2024.02.03"]
[EventType "swiss"]
[EventRounds "9"]
[EventCountry "BLR"]
[SourceTitle "EXT 2025"]
[Source "ChessBase"]
[SourceDate "2024.10.14"]
[SourceVersion "1"]
[SourceVersionDate "2024.10.14"]
[SourceQuality "1"]

1. d4 Nf6 2. e3 e6 3. c4 c5 4. d5 exd5 5. cxd5 g6 6. Nc3 d6 7. Nf3 Bg7 8. Bd3 0-0 9. 0-0 Bg4 10. e4 Nfd7 11. h3 Bxf3 12. Qxf3 Ne5 13. Qg3 Nxd3 14. Qxd3 Nd7 15. f4 Rc8 16. Be3 a6 17. Rab1 b5 18. Ne2 Nb6 19. b3 c4 20. Qd2 c3 21. Qc2 b4 22. Nd4 a5 23. Nc6 Qc7 24. Kh1 Rfe8 25. Rbe1 Nd7 26. Rf3 Ra8 27. Bd4 Bxd4 28. Nxd4 Nf6 29. f5 Nxd5 30. f6 Qc5 31. Qf2 c2 32. Qd2 Rxe4 33. Nxc2 Rxe1+ 34. Nxe1 Re8 35. Nc2 Re6 36. Nd4 Rxf6 37. Rd3 Rf1+ 38. Kh2 Qc1 39. Nf3 Rh1+ 40. Kg3 Nf6 41. Qe2 Qc5 42. Re3 Nh5+ 43. Kf2 Rc1 44. Nd2 Nf4 45. Qf3 Nd5 46. Nc4 Rc2+ 47. Kg1 Rxc4 48. bxc4 Qxe3+ 49. Qxe3 Nxe3 0-1